000 00526nam a2200217Ia 4500
003 OSt
005 20220924142953.0
006 a|||||r|||| 00| 0
007 ta
008 220923b |||||||| |||| 00| 0 ori d
024 _a304162
037 _cTextual
040 _aARTS
_cARTS
_bORI
041 _2ORI
_aORI
082 _aO1591,1NJA,2, K6
245 0 _aMurari mohan jene
260 _c1974
650 _aORIYA LITERATURE
_927692
942 _hO1591,1NJA,2, K6
_cTEXL
_2CC
999 _c452697
_d452697